LEADER 01088cam2 22002771 450 001 SOBE00085167 005 20260112114817.0 100 $a20251212d1975 |||||ita|0103 ba 101 $aita 102 $aIT 200 1 $a<>partito comunista italiano e la guerra di liberazione 1943-1945$ericordi, documenti inediti e testimonianze$fPietro Secchia 205 $a4. ed 210 $aMilano$cFeltrinelli$d1975 215 $aXLVI, 1142 p.$d24 cm 300 $aAnno tredicesimo, 13 (1971) 461 1$1001SOBE00045953$12001 $aAnnali Istituto Giangiacomo Feltrinelli / Istituto Giangiacomo Feltrinelli$v13/1975 700 1$aSecchia$b, Pietro$3SOBA00034572$4070$0119681 801 0$aIT$bUNISOB$c20260112$gRICA 850 $aUNISOB 852 $aUNISOB$j900|Coll|69|K$m48731 912 $aSOBE00085167 940 $aM 102 Monografia moderna SBN 941 $aM 957 $a900|Coll|69|K$b000009$gSI$d48731$racquisto$1bethb$2UNISOB$3UNISOB$420251212114710.0$520251212114753.0$6bethb 996 $aPartito comunista italiano e la guerra di Liberazione 1943-1945$9171356 997 $aUNISOB